|
|
|
|
| LEADER |
00000nam0a2200000 4500 |
| 001 |
372538 |
| 005 |
20231102012503.0 |
| 010 |
|
|
|a 5020137411
|
| 020 |
|
|
|a RU
|b 88-79368
|
| 035 |
|
|
|a (RuTPU)RU\TPU\retro\29962
|
| 035 |
|
|
|a RU\TPU\book\269098
|
| 090 |
|
|
|a 372538
|
| 100 |
|
|
|a 20221215d1988 m y0rusy5003 ca
|
| 101 |
0 |
|
|a rus
|
| 102 |
|
|
|a RU
|
| 105 |
|
|
|a a j 000zy
|
| 200 |
1 |
|
|a Лекции по геометрии. Семестр IV. Дифференциальная геометрия
|e учебное пособие для вузов
|f М. М. Постников
|
| 210 |
|
|
|a Москва
|c Наука
|d 1988
|
| 215 |
|
|
|a 496 с.
|
| 320 |
|
|
|a Предм. указ.: с. 493-496.
|
| 606 |
1 |
|
|a Дифференциальная геометрия
|2 stltpush
|3 (RuTPU)RU\TPU\subj\67367
|9 83193
|
| 610 |
1 |
|
|a учебные пособия
|
| 610 |
1 |
|
|a связность
|
| 610 |
1 |
|
|a векторные расслоения
|
| 675 |
|
|
|a 514.7(075.8)
|z rus
|
| 700 |
|
1 |
|a Постников
|b М. М.
|g Михаил Михайлович
|
| 801 |
|
0 |
|a RU
|b RuMRKP
|c 19950417
|g psbo
|
| 801 |
|
1 |
|a RU
|b 63413507
|c 20140110
|
| 801 |
|
2 |
|a RU
|b 63413507
|c 20221215
|g RCR
|
| 942 |
|
|
|c BK
|